| 000 | 00728nam a2200241Ia 4500 | ||
|---|---|---|---|
| 003 | OSt | ||
| 005 | 20220923225314.0 | ||
| 006 | a|||||r|||| 00| 0 | ||
| 007 | ta | ||
| 008 | 220922b |||||||| |||| 00| 0 hin d | ||
| 024 | _a262,532 | ||
| 037 | _cTextual | ||
| 040 |
_aARTS _cARTS _bhin |
||
| 041 |
_2hin _ahin |
||
| 082 | _aO152,1x, L9 | ||
| 100 |
_aरायज़ादा _9156277 |
||
| 245 | 0 | _aप्यार ने जो कहा कह दिया गीत में | |
| 246 | _aPyār ne jo kahā kah diyā gīt mean | ||
| 260 | _c1979 | ||
| 650 |
_aहिन्दी साहित्य _9156264 |
||
| 942 |
_hO152,1x, L9 _cTEXL _2CC |
||
| 999 |
_c377416 _d377416 |
||